[Event "Turniej Niepodleglosci 2021"]
[Site "Warsaw POL"]
[Date "2021.11.11"]
[Round "5.7"]
[White "Pacan-milej, Kosma"]
[Black "Kowalski, Igor"]
[Result "1/2-1/2"]
[WhiteElo "2144"]
[BlackElo "2263"]

1. d4 Nf6 2. c4 g6 3. Nc3 Bg7 4. e4 d6 5. h3 O-O 6. Be3 Nbd7 7. Nge2 c5 8.
d5 b5 9. cxb5 a6 10. Ng3 Qa5 11. a4 h5 12. Bd3 axb5 13. Bxb5 h4 14. Ne2
Nxe4 15. O-O Nxc3 16. Nxc3 Nf6 17. Re1 Ba6 18. Bg5 Qb4 19. Qe2 Bxb5 20.
axb5 Qb3 21. Rxa8 Rxa8 22. Bxh4 Nxd5 23. Nxd5 Qxd5 24. Qxe7 Bxb2 25. Bg3 c4
26. Qxd6 Qxb5 27. Kh2 Bg7 28. Be5 Qa6 29. Qxa6 Rxa6 30. Bxg7 Kxg7 31. Rc1
Rc6 32. Kg3 f5 33. Kf4 Kf6 34. Ke3 Ke5 35. f4+ Kd5 36. g4 Re6+ 37. Kf3 Kd4
38. gxf5 gxf5 39. Rd1+ Kc3 40. h4 Kb2 41. Rd5 Rf6 42. Rb5+ Kc2 43. h5 c3
44. Ke3 Kc1 45. Rc5 c2 46. Kd3 Rd6+ 47. Ke2 Re6+ 48. Kd3 Kd1 49. Rxc2 Rd6+
50. Kc3 Rc6+ 51. Kd4 Rxc2 52. Ke5 Rc5+ 53. Kf6 Ke2 54. h6 Rc6+ 55. Kxf5
Rxh6 56. Kg5 Ra6 57. f5 Ke3 58. f6 Ke4 59. f7 Ra8 60. Kf6 Kd5 61. Kg7 Ra7
62. Kg8 Ra8+ 63. f8=Q Rxf8+ 64. Kxf8 1/2-1/2

[Event "Turniej Niepodleglosci 2021"]
[Site "Warsaw POL"]
[Date "2021.11.11"]
[Round "5.8"]
[White "Mis, Mieszko"]
[Black "Hasterok, Mateusz"]
[Result "1-0"]
[WhiteElo "2325"]
[BlackElo "1950"]

1. d4 Nf6 2. c4 e6 3. Nc3 Bb4 4. e3 c5 5. Ne2 b6 6. a3 Ba5 7. Rb1 Na6 8.
Ng3 Bb7 9. f3 O-O 10. Be2 d5 11. O-O Bxc3 12. bxc3 Rc8 13. Qa4 Qe8 14. Qb3
dxc4 15. Bxc4 Bd5 16. Bxd5 exd5 17. Bd2 c4 18. Qc2 Nc7 19. e4 Qd7 20. Rbe1
Nfe8 21. Qc1 g6 22. Bh6 Ng7 23. Bxg7 Kxg7 24. Qg5 Qd8 25. Nh5+ Kh8 26. Nf6
Kg7 27. e5 h6 28. Qg3 Ne8 29. Nh5+ Kh7 30. Nf4 Ng7 31. e6 Nxe6 32. Rxe6
fxe6 33. Qxg6+ Kh8 34. Qxh6+ Kg8 35. Qg6+ Kh8 36. Nxe6 Qf6 37. Nxf8 Qxf8
38. Qh5+ Kg8 39. Re1 Qf4 40. Qxd5+ Kh8 41. Qe5+ 1-0

[Event "Turniej Niepodleglosci 2021"]
[Site "Warsaw POL"]
[Date "2021.11.11"]
[Round "5.9"]
[White "Dworakowska, Joanna"]
[Black "Krasenkova, Elena"]
[Result "1-0"]
[WhiteElo "2237"]
[BlackElo "2013"]

1. e4 Nf6 2. e5 Nd5 3. d4 e6 4. Nf3 Be7 5. Bd3 O-O 6. h4 c5 7. Bxh7+ Kxh7
8. Ng5+ Kg8 9. Qh5 Bxg5 10. hxg5 f5 11. g6 Qa5+ 12. Bd2 Qxd2+ 13. Nxd2 Re8
14. Qh8# 1-0

[Event "Turniej Niepodleglosci 2021"]
[Site "Warsaw POL"]
[Date "2021.11.11"]
[Round "5.10"]
[White "Bartel, Michal"]
[Black "Majek, Kacper"]
[Result "1-0"]
[WhiteElo "2209"]
[BlackElo "1908"]

1. e4 c5 2. Ne2 Nc6 3. g3 Nf6 4. Bg2 e5 5. d3 Be7 6. O-O O-O 7. f4 d5 8.
fxe5 Nxe5 9. exd5 Nxd5 10. Nbc3 Be6 11. Nf4 Nxf4 12. Bxf4 Nc6 13. Qd2 Bf6
14. Kh1 Qa5 15. Ne4 Bxb2 16. Rab1 Qxd2 17. Nxd2 Be5 18. Rxb7 Bxf4 19. gxf4
Nb4 20. f5 Bd5 21. Bxd5 Nxd5 22. Nc4 Nb4 23. f6 g6 24. Re1 Rfb8 25. Rc7 Rc8
26. Ree7 Rxc7 27. Rxc7 Nxc2 28. Rxc5 h5 29. Rc7 Rb8 30. Rxa7 h4 31. Kg2 Nb4
32. Ne5 Re8 33. Nxf7 Re2+ 34. Kh3 Nxd3 35. Nh6+ Kh8 36. Nf7+ Kg8 37. Ng5
Re3+ 38. Kxh4 Nf2 39. Ra8+ 1-0

[Event "Turniej Niepodleglosci 2021"]
[Site "Warsaw POL"]
[Date "2021.11.11"]
[Round "5.11"]
[White "Smieszek, Wojciech"]
[Black "Przedmojski, Rafal"]
[Result "1-0"]
[WhiteElo "1992"]
[BlackElo "2195"]

1. e4 e5 2. f4 exf4 3. Bc4 Nf6 4. Nc3 Nc6 5. Nf3 Bb4 6. O-O O-O 7. e5 d5 8.
exf6 dxc4 9. fxg7 Kxg7 10. d4 cxd3 11. Bxf4 Bf5 12. Qe1 Bg6 13. cxd3 Qxd3
14. Qh4 h5 15. Rad1 Qf5 16. Ne5 Be7 17. Qg3 h4 18. Qe3 Kh7 19. Nxc6 Bc5 20.
Nd4 Qg4 21. Nd5 f5 22. b4 Rae8 23. Qf3 Qxf3 24. gxf3 Bxd4+ 25. Rxd4 c6 26.
Ne3 Rf7 27. Rfd1 Ree7 28. Kf2 Bh5 29. Bg5 Rc7 30. R1d2 Kg6 31. f4 h3 32.
Nc4 Kh7 33. Ne5 Rg7 34. Rd6 Bg6 35. Bf6 Rg8 36. Rd7+ Rxd7 37. Rxd7+ Kh6 38.
Bg5+ Kh5 39. Rd3 1-0

[Event "Turniej Niepodleglosci 2021"]
[Site "Warsaw POL"]
[Date "2021.11.11"]
[Round "5.12"]
[White "Adamski, Jan"]
[Black "Karpus, Michal"]
[Result "1/2-1/2"]
[WhiteElo "1962"]
[BlackElo "2102"]

1. Nf3 d5 2. c4 e6 3. g3 Nf6 4. Bg2 g6 5. O-O Bg7 6. d4 O-O 7. Nc3 b6 8.
Ne5 Bb7 9. cxd5 exd5 10. Bf4 Qe7 11. Rc1 Na6 12. Qa4 c5 13. e3 Qe6 14. Bg5
Ne4 15. Nxe4 dxe4 16. Qd7 Qd5 17. Qxd5 Bxd5 18. Nd7 Rfe8 19. dxc5 Nxc5 20.
Nxc5 bxc5 21. Rxc5 Bxa2 1/2-1/2

[Event "Turniej Niepodleglosci 2021"]
[Site "Warsaw POL"]
[Date "2021.11.11"]
[Round "6.1"]
[White "Jakubowski, Krzysztof"]
[Black "Heberla, Bartlomiej"]
[Result "1/2-1/2"]
[WhiteElo "2412"]
[BlackElo "2411"]

1. c4 e6 2. g3 d5 3. Bg2 Nf6 4. Nf3 d4 5. O-O Nc6 6. d3 e5 7. b4 Nxb4 8.
Nxe5 Bd6 9. Qa4+ Nd7 10. Ba3 Qe7 11. Nf3 Nc6 12. Bxd6 Qxd6 13. Qa3 Qc5 14.
Nfd2 O-O 15. Qxc5 Nxc5 16. Bxc6 bxc6 17. Nb3 Ne6 18. N1d2 f5 19. Na5 Bd7
20. Nf3 c5 21. Ne5 Ba4 22. Rab1 Rfb8 23. Nac6 Bxc6 24. Nxc6 Rb6 25. Ne7+
Kf7 26. Nd5 Rbb8 27. Kg2 g5 28. f4 c6 29. Rxb8 Rxb8 30. fxg5 cxd5 31. Rxf5+
Ke7 32. cxd5 Nc7 33. Rf6 Rb6 34. Rf5 Rd6 35. Re5+ Kf7 36. h4 Rxd5 37. Re4
Ne6 38. Kf3 Rf5+ 39. Kg4 Rf1 40. Re5 Ke7 41. Kh5 Rg1 42. Kh6 Rxg3 43. Re4
Re3 44. Rxe3 dxe3 45. Kxh7 Nf4 46. g6 Nh5 47. g7 Nf6+ 48. Kg6 Ng8 49. h5
Ke6 50. h6 Ne7+ 51. Kg5 Kf7 52. Kf4 Nd5+ 53. Ke4 Nc3+ 54. Kxe3 Nxa2 55. d4
cxd4+ 56. Kxd4 Nb4 57. Kc5 a5 58. Kb5 Nc6 59. e4 Ne5 60. Kxa5 Ng4 1/2-1/2

[Event "Turniej Niepodleglosci 2021"]
[Site "Warsaw POL"]
[Date "2021.11.11"]
[Round "6.2"]
[White "Nasuta, Grzegorz"]
[Black "Gdanski, Jacek"]
[Result "0-1"]
[WhiteElo "2347"]
[BlackElo "2326"]

1. e4 e6 2. d4 d5 3. Nc3 Bb4 4. exd5 exd5 5. Bd3 Ne7 6. Qh5 c5 7. a3 Bxc3+
8. bxc3 c4 9. Be2 Bf5 10. Bg5 Qa5 11. Kd2 Nbc6 12. Bxe7 Nxe7 13. Bg4 O-O
14. Ne2 Bg6 15. Qg5 Rae8 16. h4 f6 17. Qf4 Nc6 18. h5 Be4 19. Rh3 f5 20.
Bf3 Qa4 21. Ra2 b5 22. Rg3 Rf7 23. h6 g6 24. Qd6 b4 25. Bh5 f4 26. Nxf4
bxc3+ 27. Kd1 Nxd4 28. Bxg6 hxg6 29. Rxg6+ Kh8 0-1

[Event "Turniej Niepodleglosci 2021"]
[Site "Warsaw POL"]
[Date "2021.11.11"]
[Round "6.3"]
[White "Nurkiewicz, Maciej"]
[Black "Kosakowski, Jakub"]
[Result "0-1"]
[WhiteElo "2257"]
[BlackElo "2297"]

1. e4 e5 2. Nf3 Nc6 3. Bb5 a6 4. Ba4 Nf6 5. O-O Be7 6. Bxc6 dxc6 7. d3 Nd7
8. b3 O-O 9. Bb2 f6 10. Nbd2 Nc5 11. d4 exd4 12. Nxd4 Qe8 13. Qf3 Bd6 14.
Nf5 Be5 15. Ba3 Bxf5 16. Qxf5 g6 17. Qf3 Bxa1 18. Rxa1 Qe5 19. Re1 b6 20.
Nc4 Qe7 21. h4 Rad8 22. h5 Kg7 23. Bb2 Ne6 24. Qg4 Kf7 25. Ne3 Qc5 26. Qf3
Nd4 27. Qf4 Qe7 28. Ng4 Kg8 29. Nh6+ Kg7 30. Ng4 g5 31. Qe3 c5 32. c3 Nc2
33. Qc1 Nxe1 34. Qxe1 Qd7 35. Ne3 Qd2 36. Qa1 c4 37. Nxc4 Qd1+ 38. Qxd1
Rxd1+ 39. Kh2 Rfd8 40. Kg3 Kh6 41. Ba3 Kxh5 42. Be7 R8d3+ 43. f3 Kg6 44.
Nb2 R1d2 45. Nxd3 Rxd3 0-1

[Event "Turniej Niepodleglosci 2021"]
[Site "Warsaw POL"]
[Date "2021.11.11"]
[Round "6.4"]
[White "Fus, Jakub"]
[Black "Macieja, Bartlomiej"]
[Result "0-1"]
[WhiteElo "2211"]
[BlackElo "2454"]

1. e4 c5 2. Nf3 e6 3. d4 cxd4 4. Nxd4 Nc6 5. Nc3 Qc7 6. g3 a6 7. Bg2 Nf6 8.
O-O Nxd4 9. Qxd4 Bc5 10. Bf4 d6 11. Qd2 h6 12. Rad1 e5 13. Be3 Be6 14. Bxc5
dxc5 15. Nd5 Bxd5 16. exd5 Qd6 17. f4 O-O 18. fxe5 Qxe5 19. c3 Qd6 20. Rf5
Rad8 21. Rdf1 Ne8 22. Qe3 b6 23. Bh3 Qb8 24. Re5 Nd6 25. Qf4 Rde8 26. Rfe1
Qd8 27. Bf1 a5 28. Bd3 Rxe5 29. Rxe5 Re8 30. Rxe8+ Nxe8 31. Qa4 Qe7 32. Kf2
g6 33. Qb5 Nf6 34. Qc6 Kg7 35. d6 Ng4+ 36. Kg2 Qe3 37. Qf3 Qe6 38. Bb5 Ne5
39. Qe4 Qxd6 40. h4 h5 41. Be2 Qe6 42. a3 Qc6 43. Qxc6 Nxc6 44. Kf3 Kf6 45.
Ke4 Ne7 46. Bc4 Nf5 47. Kf4 Ke7 48. Bd5 Nh6 49. Ke5 Ng4+ 50. Kf4 Nf2 51.
Bc4 Nd1 52. Bb5 Nxb2 53. Ke5 Nd1 54. c4 Nc3 55. Bc6 f6+ 56. Kf4 Nb1 57. a4
Nd2 58. Bd5 Nb3 59. Bg8 Nd4 60. Ke4 Ne2 61. Kf3 Nc3 62. Ke3 Nxa4 63. Kd2 g5
64. Kc2 gxh4 65. gxh4 f5 66. Bd5 Kf6 67. Bf3 Kg6 68. Bc6 b5 69. cxb5 c4 70.
Be8+ Kh6 71. Bf7 Nb6 72. Kc3 f4 73. Bxc4 Kg6 74. Be2 Kh6 75. Kd4 a4 76. Kc3
Nd5+ 77. Kd4 a3 78. Bc4 f3 79. Kd3 f2 80. Kd2 a2 0-1

[Event "Turniej Niepodleglosci 2021"]
[Site "Warsaw POL"]
[Date "2021.11.11"]
[Round "6.5"]
[White "Bartel, Michal"]
[Black "Nguyen, Piotr"]
[Result "1/2-1/2"]
[WhiteElo "2209"]
[BlackElo "2351"]

1. e4 g6 2. g3 Bg7 3. Bg2 c5 4. Ne2 Nc6 5. c3 e5 6. d3 Nge7 7. Be3 d6 8.
Nd2 O-O 9. O-O h6 10. f4 exf4 11. Nxf4 Rb8 12. h3 b5 13. a3 a5 14. Nf3 b4
15. axb4 axb4 16. d4 bxc3 17. bxc3 cxd4 18. cxd4 d5 19. exd5 Nb4 20. Ne5
Bb7 21. Qd2 Nbxd5 22. Nxd5 Bxd5 23. Bxh6 Bxh6 24. Qxh6 Bxg2 25. Kxg2 Qxd4
26. Qf4 Rb2+ 27. Kh1 Qxf4 28. Rxf4 Nf5 29. Rf3 Re8 30. Ng4 Ree2 31. Raf1
Kg7 32. R1f2 Nxg3+ 33. Kg2 Rxf2+ 34. Rxf2 Rxf2+ 35. Kxf2 Ne4+ 36. Kf3 f5
37. Ne3 Kf6 38. h4 Ke5 39. Nc4+ Kd5 40. Ne3+ Ke5 41. Nc4+ Kd4 42. Ne3 Nf6
43. Nxf5+ gxf5 44. Kf4 Ne4 45. Kxf5 Ke3 46. Kg4 Kd4 47. Kf5 Ke3 48. h5 Ng3+
49. Kg5 Nxh5 50. Kxh5 1/2-1/2

[Event "Turniej Niepodleglosci 2021"]
[Site "Warsaw POL"]
[Date "2021.11.11"]
[Round "6.6"]
[White "Baum, Jonasz"]
[Black "Mis, Mieszko"]
[Result "1/2-1/2"]
[WhiteElo "2209"]
[BlackElo "2325"]

1. d4 Nf6 2. c4 c6 3. Nc3 d5 4. Nf3 a6 5. e3 e6 6. b3 c5 7. dxc5 Bxc5 8.
Bb2 O-O 9. Be2 dxc4 10. bxc4 Qe7 11. O-O Nc6 12. Na4 Ba3 13. Bxa3 Qxa3 14.
Nb6 Rb8 15. Nd4 Qc5 16. Rb1 h6 17. Nxc6 Qxc6 18. Bf3 Qc7 19. Qb3 Bd7 20.
Nxd7 Nxd7 21. Rfc1 Nc5 22. Qc3 Rfd8 23. Rd1 Rbc8 24. g3 Rxd1+ 25. Rxd1 Nd7
26. Qb4 Nc5 27. Qd2 Kf8 28. Qd4 Qe7 29. Kg2 Rc7 30. Qd2 Rd7 31. Qc2 Rxd1
32. Qxd1 Qc7 33. Qc2 Ke7 34. Qh7 Qe5 35. Qg8 Nd3 36. Qc8 Ne1+ 37. Kf1 Nxf3
38. Qxb7+ Ke8 39. Qxf3 Qa1+ 40. Kg2 Qxa2 41. Qc6+ Ke7 42. Qc7+ Ke8 43. Qc8+
Ke7 44. Qc7+ Ke8 45. Qc8+ 1/2-1/2

[Event "Turniej Niepodleglosci 2021"]
[Site "Warsaw POL"]
[Date "2021.11.11"]
[Round "6.7"]
[White "Kowalski, Igor"]
[Black "Smieszek, Wojciech"]
[Result "1-0"]
[WhiteElo "2263"]
[BlackElo "1992"]

1. d4 Nf6 2. Nf3 c5 3. e3 g6 4. Be2 Bg7 5. O-O O-O 6. dxc5 Qa5 7. a3 Qxc5
8. b4 Qc7 9. Bb2 d6 10. c4 Be6 11. Nbd2 Nc6 12. Rc1 a5 13. b5 Nb8 14. Nd4
Nbd7 15. N2b3 Nc5 16. Nxc5 Qxc5 17. Nxe6 fxe6 18. Bd4 Qxa3 19. Ra1 Qb4 20.
Ra4 Qxa4 21. Qxa4 e5 22. Bb2 Nd7 23. Bf3 Nc5 24. Qc2 a4 25. Ba3 Rfc8 26.
Bxc5 Rxc5 27. Bxb7 Ra5 28. Bd5+ 1-0

[Event "Turniej Niepodleglosci 2021"]
[Site "Warsaw POL"]
[Date "2021.11.11"]
[Round "6.8"]
[White "Deszczynski, Adam"]
[Black "Dworakowska, Joanna"]
[Result "1-0"]
[WhiteElo "2177"]
[BlackElo "2237"]

1. e4 c5 2. Nf3 d6 3. Bb5+ Nd7 4. d4 cxd4 5. Qxd4 e5 6. Qd3 h6 7. Nc3 Nf6
8. Be3 Be7 9. Nd2 O-O 10. a4 a6 11. Bxd7 Bxd7 12. Nc4 b5 13. Nb6 Rb8 14.
Nxd7 Qxd7 15. axb5 axb5 16. O-O Rfc8 17. Ra7 Rb7 18. Rfa1 Bf8 19. Nd5 Nxd5
20. Qxd5 Rxa7 21. Rxa7 Qc6 22. Qxf7+ Kh7 23. Qf5+ Kh8 24. c3 Ra8 25. Rxa8
Qxa8 26. g3 Be7 27. Qd7 Bf6 28. Qxb5 Qxe4 29. Qe2 d5 30. Qd2 d4 31. cxd4
exd4 32. Bxh6 1-0

[Event "Turniej Niepodleglosci 2021"]
[Site "Warsaw POL"]
[Date "2021.11.11"]
[Round "6.9"]
[White "Kanarek, Marcel"]
[Black "Pacan-milej, Kosma"]
[Result "1-0"]
[WhiteElo "2293"]
[BlackElo "2144"]

1. e4 c6 2. d4 d5 3. Nc3 dxe4 4. Nxe4 Nf6 5. Nxf6+ exf6 6. c3 Bd6 7. Bd3
O-O 8. Qc2 Re8+ 9. Ne2 h5 10. O-O Na6 11. Nf4 h4 12. Qd1 g6 13. Nxg6 fxg6
14. Bxg6 Re7 15. Qh5 Nc7 16. Bh6 Ne6 17. Rae1 Qc7 18. Qxh4 Bd7 19. Qxf6
Bxh2+ 20. Kh1 Rae8 21. Bxe8 Rxe8 22. Rxe6 Bxe6 23. Qg6+ Kh8 24. Qxe8+ 1-0

[Event "Turniej Niepodleglosci 2021"]
[Site "Warsaw POL"]
[Date "2021.11.11"]
[Round "6.10"]
[White "Bednarek, Sylwester"]
[Black "Adamski, Jan"]
[Result "1-0"]
[WhiteElo "2361"]
[BlackElo "1962"]

1. d4 Nf6 2. Bg5 e6 3. Nd2 h6 4. Bh4 d6 5. e4 Nbd7 6. Bd3 Be7 7. Ngf3 g5 8.
Bg3 Nh5 9. Nc4 Bf6 10. e5 dxe5 11. Bxe5 Nxe5 12. dxe5 Bg7 13. g3 Qd5 14.
Ne3 Qc6 15. Qe2 a6 16. O-O-O Qa4 17. Kb1 Bd7 18. Nd2 g4 19. Nxg4 Bc6 20.
Rhe1 Bf8 21. f4 O-O-O 22. Nc4 Be7 23. c3 Bd5 24. Nge3 Ng7 25. Nxd5 Rxd5 26.
Bc2 Rxd1+ 27. Rxd1 Qb5 28. a4 Qc6 29. Rd4 Rd8 30. Be4 Qe8 31. Na5 Rxd4 32.
Bxb7+ Kb8 33. cxd4 Qxa4 34. Qd2 c5 35. dxc5 Kc7 36. Bc6 1-0

[Event "Turniej Niepodleglosci 2021"]
[Site "Warsaw POL"]
[Date "2021.11.11"]
[Round "6.11"]
[White "Kubicka, Anna"]
[Black "Szustakowski, Antoni"]
[Result "1-0"]
[WhiteElo "2000"]
[BlackElo "2218"]

1. e4 e6 2. d4 d5 3. Nd2 c5 4. Ngf3 cxd4 5. Nxd4 Nc6 6. Bb5 Bd7 7. Nxc6
bxc6 8. Bd3 Qc7 9. Qe2 Ne7 10. b3 Ng6 11. g3 Bd6 12. Bb2 O-O 13. O-O c5 14.
Rfe1 Rfe8 15. Rad1 Bc6 16. Qh5 Nf8 17. Nf3 d4 18. Ng5 h6 19. e5 hxg5 20.
exd6 Qxd6 21. Qxg5 Qd5 22. Qxd5 Bxd5 23. Ba3 Rac8 24. Bb5 Red8 25. Rd2 Ng6
26. Bd3 Ne7 27. Rde2 Bb7 28. Re5 Nd5 29. Rh5 g6 30. Rh4 Nc3 31. Bc1 Rd5 32.
Bf4 Kg7 33. Bh6+ Kf6 34. f4 Ke7 35. Bg5+ Kd7 36. Rh7 Ke8 37. Bxg6 fxg6 38.
Rxe6+ Kf8 39. Rxb7 Rxg5 1-0

[Event "Turniej Niepodleglosci 2021"]
[Site "Warsaw POL"]
[Date "2021.11.11"]
[Round "6.12"]
[White "Redzisz, Michal"]
[Black "Sanz Wawer, Daniel"]
[Result "1/2-1/2"]
[WhiteElo "1958"]
[BlackElo "2182"]

1. d4 Nf6 2. Nf3 e6 3. Bf4 d5 4. c3 c5 5. e3 Nc6 6. Nbd2 cxd4 7. exd4 Nh5
8. Bg3 Bd6 9. Bxd6 Qxd6 10. g3 O-O 11. Bg2 b5 12. a3 a5 13. O-O Ba6 14. b4
axb4 15. axb4 Nf6 16. Re1 Rfc8 17. Nb3 Ne4 18. Re3 Bb7 19. Nc5 Rxa1 20.
Qxa1 Nxc5 21. bxc5 Qd8 22. Qb2 Qa5 23. Bf1 Rb8 24. Qxb5 Qa1 25. Ne5 Nxe5
26. Rxe5 Qa8 27. Re1 Bc6 28. Qa6 Qxa6 29. Bxa6 Rb3 30. Rc1 Kf8 31. Kf1 Ke7
32. Ke2 f6 33. Bd3 g6 34. Kd2 e5 35. Ra1 Rb2+ 36. Ke3 e4 37. Be2 Rb3 38.
Kd2 Rb2+ 39. Ke1 Rb3 40. Ra7+ Ke6 41. Rxh7 Rb1+ 42. Kd2 Rb2+ 43. Ke3 Rb3
44. Kd2 Rb2+ 45. Ke1 Rb1+ 46. Kd2 Rb2+ 47. Ke3 Rb3 48. h4 Rxc3+ 49. Kf4 Rc2
50. Ke3 Rc3+ 51. Kf4 Rc2 52. Ke3 Rc3+ 1/2-1/2

[Event "Turniej Niepodleglosci 2021"]
[Site "Warsaw POL"]
[Date "2021.11.11"]
[Round "7.2"]
[White "Macieja, Bartlomiej"]
[Black "Jakubowski, Krzysztof"]
[Result "1/2-1/2"]
[WhiteElo "2454"]
[BlackElo "2412"]

1. Nf3 Nf6 2. c4 e6 3. g3 d5 4. Bg2 dxc4 5. Qa4+ Bd7 6. Qxc4 c5 7. Ne5 Qc8
8. Qd3 Nc6 9. Nxd7 Nxd7 10. Nc3 Be7 11. b3 O-O 12. Bb2 Rd8 13. Rd1 Nb6 14.
Qb1 c4 15. O-O Rd7 16. Ba1 cxb3 17. Qxb3 Nd4 18. Qb1 Nc4 19. e3 Na3 20. Qe4
f5 21. Qf4 g5 22. Qe5 Nc4 23. Qxd4 Rxd4 24. exd4 Bf6 25. d5 Kh8 26. dxe6
Qxe6 27. Bd5 Qa6 28. Rb1 Rb8 29. Rfd1 Na3 30. Rbc1 Rd8 31. Re1 Rd6 32. Re8+
Kg7 33. Rb8 Qd3 34. Rxb7+ Kh6 35. Bg8 Rd7 36. Rb3 Qxd2 37. Rd1 Qxd1+ 38.
Nxd1 Rxd1+ 39. Kg2 Bxa1 40. Rxa3 Bd4 41. Be6 Rd2 42. Rf3 f4 43. gxf4 g4 44.
Bxg4 Rxa2 45. Bf5 Kg7 46. Be4 a5 47. f5 Kf6 48. Bd5 Rd2 49. Be6 a4 50. Ra3
Rxf2+ 51. Kg3 Rb2 52. Rxa4 1/2-1/2

[Event "Turniej Niepodleglosci 2021"]
[Site "Warsaw POL"]
[Date "2021.11.11"]
[Round "7.3"]
[White "Kosakowski, Jakub"]
[Black "Kowalski, Igor"]
[Result "0-1"]
[WhiteElo "2297"]
[BlackElo "2263"]

1. e4 c6 2. d4 d5 3. e5 Bf5 4. Nd2 e6 5. Nb3 Nd7 6. Nf3 a6 7. Be2 c5 8.
dxc5 Bxc5 9. Nxc5 Nxc5 10. Nd4 Ne7 11. Be3 Rc8 12. a4 O-O 13. O-O Nd7 14.
f4 Be4 15. a5 Qc7 16. c3 Nf5 17. Nxf5 exf5 18. Bd4 Nc5 19. Ra3 Ne6 20. Bb6
Qc6 21. Rf2 f6 22. exf6 Rxf6 23. Rb3 Rg6 24. g3 d4 25. Bxd4 Bc2 26. Qxc2
Nxd4 27. Qd1 Nxb3 28. Qxb3+ Kh8 29. Bf3 Qc5 30. Qxb7 Rd8 31. Kg2 Qxa5 32.
Re2 Rf6 33. Qd5 Qxd5 34. Bxd5 g6 35. Bc4 Rc6 36. b3 Rcd6 37. Kf3 a5 38. g4
fxg4+ 39. Kxg4 R8d7 40. Re8+ Kg7 41. Ra8 Rd2 42. h4 Rc2 43. h5 Rxc3 44.
hxg6 hxg6 45. Rxa5 Rd1 46. Ra2 Rg1+ 47. Kh4 Rf3 48. Ra7+ Kh6 49. Rd7 Rxf4+
50. Kh3 Rf5 51. Kh2 Rg4 52. Kh3 Kg5 53. Rd3 Rgf4 54. Kg3 Re4 55. Rc3 Rf8
56. Kg2 Rg4+ 57. Kh2 Rh8+ 58. Rh3 Rxh3+ 59. Kxh3 Re4 60. Kg3 Re3+ 61. Kf2
Kf4 62. b4 g5 63. b5 Re4 64. Bd5 Rb4 65. Bc6 Rb2+ 66. Kf1 g4 67. Kg1 Kg3
68. Kf1 Kh2 0-1

[Event "Turniej Niepodleglosci 2021"]
[Site "Warsaw POL"]
[Date "2021.11.11"]
[Round "7.4"]
[White "Bednarek, Sylwester"]
[Black "Deszczynski, Adam"]
[Result "1-0"]
[WhiteElo "2361"]
[BlackElo "2177"]

1. d4 Nf6 2. Bg5 e6 3. e4 h6 4. Bxf6 Qxf6 5. c3 d6 6. Bd3 Nd7 7. Ne2 e5 8.
O-O Qd8 9. f4 Be7 10. Ng3 exf4 11. Rxf4 O-O 12. Nf5 Bg5 13. Rf1 Nf6 14. h4
Bxf5 15. hxg5 Nxe4 16. Rxf5 Nxg5 17. Nd2 g6 18. Rf2 f5 19. Qb3+ Kg7 20.
Qxb7 Rb8 21. Qxa7 Rxb2 22. d5 Qf6 23. Qxc7+ Rf7 24. Qc4 Nh3+ 25. gxh3 Qg5+
26. Kh1 Rxd2 27. Qd4+ Kh7 28. Rg1 1-0

[Event "Turniej Niepodleglosci 2021"]
[Site "Warsaw POL"]
[Date "2021.11.11"]
[Round "7.5"]
[White "Nguyen, Piotr"]
[Black "Karpus, Michal"]
[Result "1-0"]
[WhiteElo "2351"]
[BlackElo "2102"]

1. c4 g6 2. g3 Bg7 3. Bg2 e5 4. Nc3 Nf6 5. e4 O-O 6. Nge2 d6 7. O-O Nbd7 8.
d3 c6 9. h3 a6 10. Be3 b5 11. Qd2 Bb7 12. f4 Re8 13. Rae1 Qc7 14. f5 d5 15.
exd5 cxd5 16. Nxd5 Nxd5 17. cxd5 Nf6 18. d6 Qd7 19. Bxb7 Qxb7 20. Nc3 b4
21. Ne4 Nxe4 22. dxe4 Red8 23. Bc5 a5 24. a3 Bf8 25. axb4 axb4 26. f6 Qb5
27. Bxb4 Ra4 28. Ba3 Qc6 29. Qe3 Bxd6 30. Qh6 Bc5+ 31. Kh2 1-0

[Event "Turniej Niepodleglosci 2021"]
[Site "Warsaw POL"]
[Date "2021.11.11"]
[Round "7.6"]
[White "Baum, Jonasz"]
[Black "Nasuta, Grzegorz"]
[Result "1/2-1/2"]
[WhiteElo "2209"]
[BlackElo "2347"]

1. d4 d5 2. c4 e6 3. Nc3 c6 4. e4 dxe4 5. Nxe4 Bb4+ 6. Bd2 Qxd4 7. Bxb4
Qxe4+ 8. Ne2 Na6 9. Bf8 Ne7 10. Bxg7 Nb4 11. Qd6 Nd3+ 12. Kd2 Nf5 13. Qxd3
Qxd3+ 14. Kxd3 Nxg7 15. f4 c5 16. g3 Bd7 17. Bg2 O-O-O 18. Kc3 Nf5 19. Bf3
Kc7 20. Rhd1 Bc6 21. Bxc6 Kxc6 22. a3 Nd6 23. Ng1 b5 24. b3 Ne4+ 25. Kc2
bxc4 26. bxc4 Nd6 27. Kc3 Ne4+ 28. Kc2 Nd6 29. Kc3 Ne4+ 30. Kc2 Nd6 31. Kc3
Ne4+ 32. Kc2 Rd4 33. Ne2 Rxd1 34. Rxd1 Nd6 35. Kc3 Rd8 36. Rd3 Rb8 37. Rd1
Ne4+ 38. Kc2 Nd6 39. Kc3 a5 40. Nc1 a4 41. Re1 h5 42. Re2 Rb1 43. Kc2 Rb8
44. Kc3 Rb1 45. Kc2 Rb8 46. Kc3 h4 47. g4 Rb1 48. Kc2 Rb8 49. Kc3 Rb1 50.
Kc2 Rb8 51. Kc3 Rb1 1/2-1/2

[Event "Turniej Niepodleglosci 2021"]
[Site "Warsaw POL"]
[Date "2021.11.11"]
[Round "7.7"]
[White "Mis, Mieszko"]
[Black "Bartel, Michal"]
[Result "1/2-1/2"]
[WhiteElo "2325"]
[BlackElo "2209"]

1. Nf3 d5 2. d4 Nc6 3. Bf4 Bg4 4. e3 e6 5. c4 Bb4+ 6. Nc3 Nf6 7. a3 Bd6 8.
Bg5 dxc4 9. Bxc4 O-O 10. Be2 Re8 11. O-O e5 12. d5 Nb8 13. Nd2 Bxe2 14.
Qxe2 h6 15. Bxf6 Qxf6 16. Rac1 Nd7 17. Nb5 Rec8 18. Ne4 Qg6 19. Qc2 Nb6 20.
Rfd1 a6 21. Nbc3 f5 22. Ng3 Rf8 23. a4 Qg4 24. Qe2 Qg5 25. e4 g6 26. exf5
gxf5 27. Rc2 Rf7 28. Qh5 Raf8 29. Re2 Qg7 30. Kh1 Nd7 31. Qh3 Qg6 32. Qh5
Qh7 33. Qh3 Kh8 34. Rde1 Rg8 35. Nd1 Nc5 36. Rxe5 Bxe5 37. Rxe5 Nd3 38.
Rxf5 Re7 39. Ne3 Nxf2+ 40. Rxf2 Rxe3 41. Qh4 Qg6 42. Nf1 Re1 43. Qh3 Kh7
44. Qf3 Rg7 45. h3 Ree7 46. Ne3 Rgf7 47. Nf5 Qg5 48. Qd3 Re1+ 49. Kh2 Qg6
50. Qf3 Re5 51. g4 Rd7 52. Nh4 Qd6 53. Qd3+ Kg8 54. Kg1 Re1+ 55. Kg2 Qxd5+
56. Qxd5+ Rxd5 57. Rc2 c6 58. Nf5 Rde5 59. Kf3 h5 60. Rd2 hxg4+ 61. hxg4
Rd5 62. Rh2 c5 63. Kf4 b5 64. axb5 axb5 65. Kg5 c4 66. Kf6 Re8 67. Ne7+
Rxe7 68. Kxe7 Rg5 69. Rg2 b4 70. Kf6 Rc5 1/2-1/2

[Event "Turniej Niepodleglosci 2021"]
[Site "Warsaw POL"]
[Date "2021.11.11"]
[Round "7.8"]
[White "Sanz Losada, Victoriano"]
[Black "Kanarek, Marcel"]
[Result "0-1"]
[WhiteElo "2051"]
[BlackElo "2293"]

1. d4 Nf6 2. c4 g6 3. Nc3 Bg7 4. e4 d6 5. f3 O-O 6. Nge2 c5 7. d5 e6 8. Ng3
exd5 9. cxd5 a6 10. a4 Nbd7 11. Be2 Ne8 12. O-O Nc7 13. f4 Rb8 14. e5 f5
15. e6 Nf6 16. Bf3 b5 17. Kh1 b4 18. Nce2 Bb7 19. Ng1 Re8 20. Nh3 h6 21.
Nf2 Bxd5 22. Bxd5 Nfxd5 23. Re1 Qf6 24. Qd3 Rxe6 25. Bd2 Qxb2 26. h4 Qd4
0-1

[Event "Turniej Niepodleglosci 2021"]
[Site "Warsaw POL"]
[Date "2021.11.11"]
[Round "7.9"]
[White "Hasterok, Mateusz"]
[Black "Nurkiewicz, Maciej"]
[Result "1-0"]
[WhiteElo "1950"]
[BlackElo "2257"]

1. d4 Nf6 2. c4 c5 3. d5 b5 4. cxb5 a6 5. bxa6 g6 6. Nc3 Bxa6 7. e4 Bxf1 8.
Kxf1 d6 9. Nf3 Bg7 10. g3 O-O 11. Kg2 Nbd7 12. a4 Ra6 13. Qe2 Qa8 14. Ra3
Nb6 15. b3 c4 16. bxc4 Rc8 17. c5 Rxc5 18. Be3 Rxc3 19. Rxc3 Nxe4 20. Rc6
Nc3 21. Rxc3 Bxc3 22. Bxb6 Rxb6 23. Qxe7 Ra6 24. Rc1 Bb4 25. Rc7 Qf8 26.
Qd7 Ra8 27. Ng5 Qe8 28. Qxe8+ Rxe8 29. Nxf7 Ra8 30. Nh6+ Kh8 31. Ng4 Rf8
32. Nh6 Bc5 33. f4 Ra8 34. Nf7+ Kg8 35. Ng5 Rxa4 36. Nxh7 Ra2+ 37. Kh3 Bd4
1-0

[Event "Turniej Niepodleglosci 2021"]
[Site "Warsaw POL"]
[Date "2021.11.11"]
[Round "7.10"]
[White "Dworakowska, Joanna"]
[Black "Kubicka, Anna"]
[Result "1-0"]
[WhiteElo "2237"]
[BlackElo "2000"]

1. e4 c5 2. Nf3 d6 3. g3 Nf6 4. Qe2 Nc6 5. c3 e5 6. Bg2 Be7 7. O-O O-O 8.
Rd1 Bg4 9. h3 Bh5 10. g4 Bg6 11. d3 Re8 12. Nbd2 Bf8 13. Nf1 d5 14. Ng3 Qc7
15. Bg5 dxe4 16. dxe4 Be7 17. Nh4 Nxe4 18. Nxe4 Bxe4 19. Bxe7 Qxe7 20. Qxe4
Qxh4 21. Rd7 Re7 22. Rad1 Rae8 23. Qc4 Nb8 24. Rxb7 Rxb7 25. Bxb7 Qxh3 26.
Bd5 Rf8 27. Bxf7+ Kh8 28. Bd5 Qh4 29. Qe2 Nd7 30. Be6 Nf6 31. Qxe5 Nxg4 32.
Qg3 Qxg3+ 33. fxg3 Ne5 34. Rd5 Nf3+ 35. Kg2 g6 36. Rxc5 Ne1+ 37. Kh3 Rf2
38. b4 h5 39. Bd5 Rd2 40. c4 Nd3 41. Rb5 Kg7 42. a4 Kh6 43. Bg2 Nf2+ 44.
Kh2 Ng4+ 45. Kh3 Ne3 46. Bf3 g5 47. g4 hxg4+ 48. Bxg4 Nf1 1-0